Bases fonamentals de l'Organització Nacional Estat Català / Estat Català
Descripción Física:
[4] f. ; 21 cm
Colección:
Publicacions Estat Català ; 1
MARC
| LEADER | 00000nam a2200000Ia 4500 | ||
|---|---|---|---|
| 001 | 17227 | ||
| 003 | BGR | ||
| 005 | 20260410113700.0 | ||
| 008 | 160829s1925 xx 000 0 cat d | ||
| 080 | |a RF-10-55 | ||
| 245 | |a Bases fonamentals de l'Organització Nacional Estat Català / Estat Català | ||
| 260 | |a Paris ; Barcelona : |b Estat Català, Oficina de Propaganda del Migdia de França, |c 1925 | ||
| 300 | |a [4] f. ; |c 21 cm | ||
| 490 | |a Publicacions Estat Català ; 1 | ||
| 590 | |a Prové del Fons Macià | ||
| 650 | |a Estat Català |9 38912 | ||
| 650 | 0 | |a Nacionalisme |z Catalunya |9 11008 | |
| 710 | 2 | |a Estat Català (Partit polític : 1922-1931) |9 56308 | |
| 856 | 4 | |u https://media.diba.cat/diba/fitxers/arxiu/fulletons/bib_17227_1925_baixa.pdf |y Accés lliure | |
| 856 | 4 | |u https://media.diba.cat/diba/fitxers/arxiu/fulletons/bib_17227_1925_baixa.pdf |y Accés lliure | |
| 900 | |a bib_17227_1925_baixa.pdf | ||
| 901 | |a Arxiu | ||
| 942 | |n 1 |2 udc |c MON | ||
| 952 | |0 0 |1 0 |4 0 |6 RF1055 |7 1 |9 48674 |a Arxiu |b Arxiu |d 2016-12-01 |l 0 |o RF-10-55 |p 17227 |r 2016-12-01 00:00:00 |w 2016-12-01 |y ARXIU | ||
| 999 | |c 52504 |d 52504 | ||